Statistical and descriptive report upon the mines, farms and ranges of Madison County, Montana. (Record no. 51734)

MARC details
000 -LEADER
fixed length control field 00926cam a22002531 4500
001 - CONTROL NUMBER
control field rc 01000142
003 - CONTROL NUMBER IDENTIFIER
control field DLC
005 - DATE AND TIME OF LATEST TRANSACTION
control field 20260227111859.0
008 - FIXED-LENGTH DATA ELEMENTS--GENERAL INFORMATION
fixed length control field 800321s1888 xx 000 0 eng
010 ## - LIBRARY OF CONGRESS CONTROL NUMBER
LC control number rc 01000142
035 ## - SYSTEM CONTROL NUMBER
System control number (OCoLC)6115193
040 ## - CATALOGING SOURCE
Original cataloging agency DLC
Transcribing agency CChiS
Modifying agency CtY
-- DLC
042 ## - AUTHENTICATION CODE
Authentication code premarc
050 00 - LIBRARY OF CONGRESS CALL NUMBER
Classification number F737.M2
Item number C
100 1# - MAIN ENTRY--PERSONAL NAME
Personal name Cope, George F.
Relator term comp.
245 10 - TITLE STATEMENT
Title Statistical and descriptive report upon the mines, farms and ranges of Madison County, Montana.
Statement of responsibility, etc. George F. Cope, compiler.
260 ## - PUBLICATION, DISTRIBUTION, ETC.
Place of publication, distribution, etc. Virginia City, Mont.,
Date of publication, distribution, etc. 1888.
300 ## - PHYSICAL DESCRIPTION
Extent 63 p.
Dimensions 23 cm.
440 #0 - SERIES STATEMENT/ADDED ENTRY--TITLE
Title History of the Pacific Northwest, PNW
Volume/sequential designation no. 73, Research Publications, Inc. Microfilm, Reel 8.
530 ## - ADDITIONAL PHYSICAL FORM AVAILABLE NOTE
Additional physical form available note Also available in digital form on the Internet Archive Web site.
651 #0 - SUBJECT ADDED ENTRY--GEOGRAPHIC NAME
Geographic name Madison County (Mont.)
650 #0 - SUBJECT ADDED ENTRY--TOPICAL TERM
Topical term or geographic name entry element Mines and mineral resources
Geographic subdivision Montana.
856 41 - ELECTRONIC LOCATION AND ACCESS
Uniform Resource Identifier <a href="http://hdl.loc.gov/loc.gdc/scd0001.00170606899">http://hdl.loc.gov/loc.gdc/scd0001.00170606899</a>

No items available.

Powered by Koha